| 000 | 00362nam a2200145Ia 4500 | ||
|---|---|---|---|
| 008 | 230917s9999||||xx |||||||||||||| ||und|| | ||
| 040 |
_e111795 _aMAIN |
||
| 041 | _aEnglish | ||
| 082 | _a880 J348P | ||
| 100 | _aJebb, Richard C | ||
| 245 | 0 | _aPrimer of Greek literature | |
| 260 |
_aNew delhi _bAtlantic Publishers _c2003 |
||
| 300 | _av, 147 p. | ||
| 942 | _cBK | ||
| 999 |
_c135928 _d135928 |
||